Spoken English: (Record no. 155223)

MARC details
000 -LEADER
fixed length control field 00555nam a22001817a 4500
005 - DATE AND TIME OF LATEST TRANSACTION
control field 20180731173709.0
010 ## - LCCN (DPL NO)
LC control number B-062077
020 ## - INTERNATIONAL STANDARD BOOK NUMBER
International Standard Book Number 8125910832
Terms of availability 90.00
035 ## - SYSTEM CONTROL NUMBER
System control number B-062077
037 ## - SOURCE OF ACQUISITION
Source of stock number/acquisition Vikas Publishing House Pvt. Ltd.
082 ## - DEWEY DECIMAL CLASSIFICATION NUMBER
Classification number 480
100 ## - MAIN ENTRY--PERSONAL NAME
Personal name Sreevalsan, M.C.
245 ## - TITLE STATEMENT
Title Spoken English:
Remainder of title a hand-on-guide to english conversation practive
Statement of responsibility, etc M.C. Sreevalsan
260 ## - PUBLICATION, DISTRIBUTION, ETC. (IMPRINT)
Place of publication, distribution, etc New Delhi
Name of publisher, distributor, etc Vikas Publishing House Pvt. Ltd.
300 ## - PHYSICAL DESCRIPTION
Extent 362p.
Dimensions 21cm.(pbk)
942 ## - ADDED ENTRY ELEMENTS (KOHA)
Source of classification or shelving scheme Dewey Decimal Classification
Item type English Books
Classification part 480
Call number suffix SRE
Holdings
Withdrawn status Lost status Not for loan Collection code Home library Current library Date acquired Full call number Barcode Koha item type Public note
      Non-fiction Sarojini Nagar Sarojini Nagar 31/07/2018 480 SRE B-062077 English Books Withdrawn List Prepared L.No.11/2

© Delhi Public Library
Hit Counter
free hit counter